|
|
|
|
| LEADER |
00000nab a2200000 a 4500 |
| 001 |
vtls000889833 |
| 003 |
SK-MaSNL |
| 005 |
20260304120841.0 |
| 008 |
250429c2004 xo zr|p|||||||000 b|slo |
| 015 |
|
|
|a SNBRB2004/11
|2 snkbucl
|
| 035 |
|
|
|a (uuid)af163256-d26c-46f3-a9de-f3ffece8310f
|
| 035 |
|
|
|a urn:nbn:sk:snk-abtq8
|
| 035 |
|
|
|a (urnnbn)urn:nbn:sk:snk:ar-a043u7
|
| 038 |
|
|
|a SNKBUCL
|
| 040 |
|
|
|a SNKBUCL
|b slo
|c SNKBUCL
|e AACR2
|
| 041 |
0 |
|
|a slo
|
| 044 |
|
|
|a xo
|c SK
|
| 080 |
|
|
|a 796.524
|x (234.32)
|2 1997
|
| 100 |
1 |
|
|a Linek, Vladimír,
|d 1964-
|4 aut
|9 217584
|
| 245 |
1 |
0 |
|a 8b na Cime Grande
|b slovenské opakovanie cesty Camillotto Pellesier
|c Vlado Linek
|
| 246 |
3 |
|
|a Osem b na cime Grande
|
| 300 |
|
|
|b Fotogr.
|
| 648 |
|
7 |
|a 2004
|2 snkbucl
|9 303492
|
| 650 |
0 |
7 |
|a horolezectvo
|2 snkbucl
|9 1050
|
| 651 |
|
7 |
|a Cime Grande (Dolomity)
|2 snkbucl
|9 1425257
|
| 773 |
0 |
|
|t Jamesák
|g Roč. XXXVI, č. 5 (2004), s. 15
|x 1335-3896
|
| 850 |
|
|
|a Slovenská národná knižnica
|
| 852 |
|
|
|a Slovenská národná knižnica
|
| 954 |
|
|
|a odborná, vedecká literatúra pôvodná (slovenská)
|2 lita
|
| 958 |
|
|
|a article27
|
| 958 |
|
|
|a OND
|
| 958 |
|
|
|a EUIPO
|
| 999 |
|
|
|c 2881925
|d 2883855
|